Online
Catalog

Visita de la gobernación de Popayan : (Record no. 5244)

MARC details
000 -CABECERA
campo de control de longitud fija 01207nam a2200301 a 4500
001 - NÚMERO DE CONTROL
campo de control 000005444
005 - FECHA Y HORA DE LA ÚLTIMA TRANSACCIÓN
campo de control 20251112115145.0
008 - DATOS DE LONGITUD FIJA--INFORMACIÓN GENERAL
campo de control de longitud fija 090819s1989 es 001 0bspa d
020 ## - NÚMERO INTERNACIONAL ESTÁNDAR DEL LIBRO
Número Internacional Estándar del Libro 8400069781
040 ## - FUENTE DE LA CATALOGACIÓN
Centro catalogador/agencia de origen DO-SdBNP
082 ## - NÚMERO DE LA CLASIFICACIÓN DECIMAL DEWEY
Número de clasificación 980
Número de documento/Ítem L864v
049 ## - FONDOS LOCALES (OCLC)
Fondos de biblioteca BNGR
100 1# - ENTRADA PRINCIPAL--NOMBRE DE PERSONA
Nombre de persona Lopez Medel, Tomas
Fechas asociadas al nombre 1509-1582
9 (RLIN) 15464
245 10 - MENCIÓN DE TÍTULO
Título Visita de la gobernación de Popayan :
Resto del título libro de tributos (1558-1559) /
Mención de responsabilidad, etc. Tomas Lopez Medel ; edición Berta Ares Queija; estudio preliminiar y transcripción Berta Ares Queija ; preámbulo Francisco de Solano.
260 ## - PUBLICACIÓN, DISTRIBUCIÓN, ETC.
Lugar de publicación, distribución, etc. Madrid, :
Nombre del editor, distribuidor, etc. Consejo Superior de Investigacioes Científicas,
Fecha de publicación, distribución, etc. 1989.
300 ## - DESCRIPCIÓN FÍSICA
Extensión 325 p. ;
Dimensiones 24 cm.
490 1# - MENCIÓN DE SERIE
Mención de serie Tierra nueva e cielo nuevo ;
Designación de volumen o secuencia v. 29
500 ## - NOTA GENERAL
Nota general Incluye notas al pié de las páginas
500 ## - NOTA GENERAL
Nota general V centenario del descubrimiento de Améirca
504 ## - NOTA DE BIBLIOGRAFÍA, ETC.
Nota de bibliografía, etc. Bibliografía : p. lvii-lix
650 #0 - PUNTO DE ACCESO ADICIONAL DE MATERIA--TÉRMINO DE MATERIA
Término de materia o nombre geográfico como elemento de entrada Indígenas de América del Sur
9 (RLIN) 6752
650 #4 - PUNTO DE ACCESO ADICIONAL DE MATERIA--TÉRMINO DE MATERIA
Término de materia o nombre geográfico como elemento de entrada Encomiendas
9 (RLIN) 15465
650 #4 - PUNTO DE ACCESO ADICIONAL DE MATERIA--TÉRMINO DE MATERIA
Término de materia o nombre geográfico como elemento de entrada Trato a los indígenas
Subdivisión geográfica Colombia
9 (RLIN) 15466
700 12 - PUNTO DE ACCESO ADICIONAL--NOMBRE DE PERSONA
Nombre de persona Ares Queija, Berta,
Término indicativo de función/relación ed.
9 (RLIN) 15467
700 12 - PUNTO DE ACCESO ADICIONAL--NOMBRE DE PERSONA
Nombre de persona Solano, Francisco de
9 (RLIN) 15306
830 #0 - PUNTO DE ACCESO ADICIONAL DE SERIE-TÍTULO UNIFORME
Título uniforme Tierra nueva e cielo nuevo ;
Número de parte o sección de la obra v. 29
9 (RLIN) 15468
910 ## - DATOS DE OPCIÓN DEL USUARIO (OCLC)
Datos de opción del usuario Validado. Control de calidad MFF
Holdings
Estado de retiro Estado de pérdida Restricciones de uso No para préstamo Código de colección Localización permanente Ubicación/localización actual Ubicación en estantería Fecha de adquisición Número de inventario Total de préstamos Signatura topográfica completa Código de barras Fecha visto por última vez Precio válido a partir de Tipo de ítem Koha
        Monografías: Libros y Folletos General General En catalogación 19.08.2009 LF1   980 L864v 5444-10 25.06.2020 25.06.2020 Préstamo en sala

Powered by Koha